| 000 | 00583nam a2200205Ia 4500 | ||
|---|---|---|---|
| 003 | OSt | ||
| 005 | 20240926132908.0 | ||
| 008 | 240126s9999 xx 000 0 und d | ||
| 020 | _a9788131252239 | ||
| 040 | _c0 | ||
| 041 | _aEnglish | ||
| 082 | _a343.54 AGG;1 R | ||
| 100 | _aAggarwal, S N. | ||
| 245 | 0 | _aSupreme Court on consumer protection Act : an exhaustive topical referencer of up-to-date Supreme Court judgments on consumer protection Act | |
| 250 | _a2nd ed. | ||
| 260 |
_bLexis Nexis _aHaryana |
||
| 300 | _acxviii, 1100 | ||
| 440 | _aNULL | ||
| 942 |
_cLL _2ddc |
||
| 999 |
_c295358 _d295358 |
||